Encyclopaedia Britannica Vol.29 micropaedia. (Record no. 90172)
[ view plain ]
| 000 -LEADER | |
|---|---|
| fixed length control field | 00403nam a2200145Ia 4500 |
| 008 - FIXED-LENGTH DATA ELEMENTS--GENERAL INFORMATION | |
| fixed length control field | 210210b1987 xxu||||| |||| 00| 0 eng d |
| 020 ## - INTERNATIONAL STANDARD BOOK NUMBER | |
| International Standard Book Number | 0 85229 443 3 |
| 082 ## - DEWEY DECIMAL CLASSIFICATION NUMBER | |
| Classification number | 030 ENCY |
| 100 ## - MAIN ENTRY--PERSONAL NAME | |
| Personal name | ENCYCLOPAEDIA BRITANNICA. |
| 245 ## - TITLE STATEMENT | |
| Title | Encyclopaedia Britannica Vol.29 micropaedia. |
| 260 ## - PUBLICATION, DISTRIBUTION, ETC. | |
| Place of publication, distribution, etc. | Chicago |
| Name of publisher, distributor, etc. | Encyclopaedia Britannica, Inc., |
| Date of publication, distribution, etc. | 1987 |
| 300 ## - PHYSICAL DESCRIPTION | |
| Extent | 1083 |
| 690 ## - LOCAL SUBJECT ADDED ENTRY--TOPICAL TERM (OCLC, RLIN) | |
| Topical term or geographic name as entry element | Encyclopaedia |
| 906 ## - LOCAL DATA ELEMENT F, LDF (RLIN) | |
| a | 039929 |
| Withdrawn status | Lost status | Damaged status | Not for loan | Collection code | Home library | Current library | Shelving location | Date acquired | Cost, normal purchase price | Total Checkouts | Full call number | Barcode | Date last seen | Price effective from | Koha item type |
|---|---|---|---|---|---|---|---|---|---|---|---|---|---|---|---|
| Reference Book | St Aloysius Library | St Aloysius Library | 02/17/2021 | 0.00 | 030 ENCY | 039929 | 02/17/2021 | 02/17/2021 | Book |